[Event "New Delhi Parsvnath blitz op 18th"]
[Site "New Delhi"]
[Date "2020.01.14"]
[Round "9"]
[White "Avinash, Ramesh"]
[Black "Shree, Ganesh Muthu Annama"]
[Result "1-0"]
[WhiteElo "1934"]
[BlackElo "1654"]
[PlyCount "117"]
[EventDate "2020.01.14"]
[EventType "swiss (blitz)"]
[EventRounds "9"]
[EventCountry "IND"]
[SourceTitle "CBM 194 Extra"]
[Source "ChessBase"]
[SourceDate "2020.03.31"]
[SourceVersion "1"]
[SourceVersionDate "2020.03.31"]
[SourceQuality "1"]

1. e4 d6 2. d4 Nf6 3. Nc3 Nbd7 4. f3 e5 5. dxe5 dxe5 6. Be3 c6 7. a4 Bc5 8. Bxc5 Nxc5 9. Qxd8+ Kxd8 10. 0-0-0+ Kc7 11. Bc4 Be6 12. Bxe6 Nxe6 13. Nce2 Rad8 14. Nh3 a5 15. Nf2 Nc5 16. b3 Nfd7 17. Ng3 g6 18. Nf1 Nf6 19. Ne3 Rhe8 20. Kb2 Nh5 21. g3 Ng7 22. Rxd8 Rxd8 23. Nfg4 Nd7 24. Nc4 Re8 25. Nxa5 h5 26. Ne3 Ne6 27. Nac4 Ng5 28. Nd2 Nc5 29. h4 Nge6 30. Re1 Nd4 31. Ra1 f6 32. b4 Na6 33. c3 Ne6 34. Kc2 Nb8 35. Ndc4 Nd7 36. Rd1 Ra8 37. a5 Rg8 38. Rd6 Nd8 39. Rd2 Ne6 40. g4 hxg4 41. fxg4 Rh8 42. Rh2 Nf4 43. Nd2 Nf8 44. Nf3 N8e6 45. Nf1 Kd7 46. Ng3 Ke7 47. h5 gxh5 48. gxh5 Kf7 49. Nf5 Ng7 50. Nd6+ Ke6 51. Nxb7 Ngxh5 52. Nc5+ Ke7 53. Nh4 Rg8 54. Nf5+ Ke8 55. a6 Rg1 56. Kb2 Kf7 57. a7 Rg8 58. Nh6+ Kg7 59. Nxg8 1-0

[Event "New Delhi Parsvnath blitz op 18th"]
[Site "New Delhi"]
[Date "2020.01.14"]
[Round "4"]
[White "Babu, N Sudhakar"]
[Black "Shree, Ganesh Muthu Annama"]
[Result "0-1"]
[WhiteElo "2231"]
[BlackElo "1654"]
[PlyCount "95"]
[EventDate "2020.01.14"]
[EventType "swiss (blitz)"]
[EventRounds "9"]
[EventCountry "IND"]
[SourceTitle "CBM 194 Extra"]
[Source "ChessBase"]
[SourceDate "2020.03.31"]
[SourceVersion "1"]
[SourceVersionDate "2020.03.31"]
[SourceQuality "1"]

1. d4 Nf6 2. c4 d6 3. Nc3 Nbd7 4. e4 e5 5. d5 g6 6. f3 Bg7 7. Bg5 0-0 8. Qd2 a5 9. g4 Nc5 10. h4 Re8 11. Nge2 c6 12. h5 Qc7 13. Ng3 a4 14. Be2 Rb8 15. h6 Bh8 16. 0-0 Nfd7 17. Be3 Bf6 18. Rac1 Bh4 19. Kg2 Bf6 20. Rfd1 Be7 21. g5 Nf8 22. f4 Nfd7 23. f5 Bf8 24. f6 Ra8 25. Rf1 Ra6 26. Nh1 Nb8 27. Nf2 Ra8 28. Rb1 Nba6 29. Rfd1 Nb4 30. Nb5 cxb5 31. Qxb4 bxc4 32. Bxc4 Bd7 33. Rdc1 b6 34. Be2 Qb8 35. Qd2 Rc8 36. Rc3 b5 37. Rcc1 Qb7 38. Qb4 Na6 39. Qd2 Nc5 40. Kf3 Rcb8 41. Qb4 Na6 42. Qd2 Nc5 43. Nd3 Nxe4 44. Kxe4 Bf5+ 45. Kf3 e4+ 46. Kf2 exd3 47. Bxd3 Qxd5 48. Bxf5 0-1